Operaciones de bolsa y de banca (Registro nro. 1636)
[ vista simple ]
| 000 -LEADER | |
|---|---|
| fixed length control field | 02078 a2200229 4500 |
| 001 - CONTROL NUMBER | |
| control field | 28036 |
| 005 - DATE AND TIME OF LATEST TRANSACTION | |
| control field | 20260407155552.0 |
| 008 - FIXED-LENGTH DATA ELEMENTS--GENERAL INFORMATION | |
| fixed length control field | 260407a1954 arg spa d |
| 003 - CONTROL NUMBER IDENTIFIER | |
| control field | AR-UNSa-BCEJYS |
| 040 ## - CATALOGING SOURCE | |
| Original cataloging agency | AR-UNSa-BCEJYS |
| Language of cataloging | spa |
| Transcribing agency | AR-UNSa-BCEJYS |
| 080 ## - UNIVERSAL DECIMAL CLASSIFICATION NUMBER | |
| Universal Decimal Classification number | 347.73 |
| Common auxiliary subdivision | Organizaciones comerciales. Derecho financiero (títulos de crédito) |
| 041 ## - LANGUAGE CODE | |
| Language code of text/sound track or separate title | spa |
| 100 1# - MAIN ENTRY--PERSONAL NAME | |
| Personal name | Montella, R. Gay de |
| 245 10 - TITLE STATEMENT | |
| Title | Operaciones de bolsa y de banca |
| Name of part/section of a work | estudios jurídicos |
| 250 ## - EDITION STATEMENT | |
| Edition statement | 2a. ed. |
| 264 #1 - PRODUCTION, PUBLICATION, DISTRIBUTION, MANUFACTURE, AND COPYRIGHT NOTICE | |
| Place of production, publication, distribution, manufacture | Barcelona : |
| Name of producer, publisher, distributor, manufacturer | Bosch |
| Date of production, publication, distribution, manufacture, or copyright notice | 1954 |
| 300 ## - PHYSICAL DESCRIPTION | |
| Extent | xx, 472 p. |
| Dimensions | 25 cm. |
| 505 ## - FORMATTED CONTENTS NOTE | |
| Formatted contents note | 1. El contrato de bolsa al contador – 2. Estructura y disciplina del contrato ´firme´ a plazo – 3. El negocio diferencial impropio – 4. Prólogo a un estudio sobre los contratos de bolsa “a premio “. (a mercado libre) – 5. Notas sobre arbitrajes de bolsa y banca – 6. El reporte sobre cuota de sociedad de responsabilidad limitada – 7. La suerte de los derechos accesorios en el contrato de reporte – 8. El artículo 76 de la ley de quiebras y la resolución del contrato de reporte – 9. Reporte y mutuo contra pignoración de títulos – 10. Reporte y anticipo sobre títulos – 11. Reporte y anticipo sobre títulos – 12. La prórroga del contrato a plazo – 13. Reporte con tradición de títulos y reporte-prórroga – 14. Intervención de tercero en el cumplimiento de un contrato a plazos y reporte-prórroga – 15. El reporte-prórroga y el código civil vigente – 16. Figuras anómalas en el reporte – 17. El comodato bancario – 18. Contenido y caracteres jurídicos de la apertura de crédito – 19. El anticipo sobre valores mobiliarios y mercancías – 20. Anticipación y apertura de crédito, según el código civil vigente – 21. La naturaleza jurídica del contrato de descuento después de la reforma del código civil – 22. Naturaleza jurídica de las operaciones de crédito fundiario – 23. Fiaduría prestada por una sociedad frente a un banco. |
| 590 ## - LOCAL NOTE (RLIN) | |
| Local note | niveau_biblio:m niveau_hierar:0 |
| 700 1# - ADDED ENTRY--PERSONAL NAME | |
| Personal name | Messineo, Francesco |
| 942 ## - ADDED ENTRY ELEMENTS (KOHA) | |
| Koha item type | |
| Withdrawn status | Lost status | Damaged status | Not for loan | Home library | Current library | Shelving location | Date acquired | Total checkouts | Full call number | Barcode | Date last seen | Price effective from | Koha item type |
|---|---|---|---|---|---|---|---|---|---|---|---|---|---|
| Biblioteca Prof. Eusebio Cleto del Rey | Biblioteca Prof. Eusebio Cleto del Rey | 07/04/2026 | 347.73 M585 2ed. | L22759 | 07/04/2026 | 07/04/2026 | Libro |